LEADER 01228nam a2200277 4500 001 000000343383 003 CaOOAMICUS 005 20201217155250.0 008 201214s2017 it a 000 u ita r 020 $a978-88-6671-439-2 040 $aSeMil$bita 100 1 $aDidu, Agnese.$0(OLS)http://semarc/name/112625 245 10$aGiovanni Battista Quilici :$bcome creta tra le mani del Vasaio : sacerdote, parroco, fondatore delle Figlie del Crocifisso /$cAgnese Didu. 250 $a1. Ed. 264 1$aGorle :$bVelar,$c2017. 300 $a47 p. :$bill. ;$c21 cm 541 0 $aOmaggio mons. Mario Delpini (3G II 496) 600 14$aQuilici, Giovanni Battista <1791-1844>.$0(OLS)http://semarc/subject/26888 850 $aSeMil 852 $aSeMil$W1$xVenegono$y1$m3G II 496$j223067$B234375$CSeMilBibl$Z2$F234375 $81 941 1 $a7 961 $aOmaggio mons. Mario Delpini 996 $6020$a978-88-6671-439-2$9(OLS)http://semarc/number/291857 996 $6245$aGiovanni Battista Quilici :$bcome creta tra le mani del Vasaio : sacerdote, parroco, fondatore delle Figlie del Crocifisso$9(OLS)http://semarc/title/432344 996 $6264$aGorle :$bVelar$9(OLS)http://semarc/publisher/33489 LEADER 01122nam a2200205 i 4500 001 000000240944 003 CaOOAMICUS 005 20150416000000.0 008 150416s1887 it u000 u ita u 013 $a219849 040 $aSeMil$bita 100 1 $aPesenti-Magazzeni, Alessandro.$0(OLS)http://semarc/name/81634 245 13$aIl decimosesto centenario del martirio di sant'Alessandro, protettore di Bergamo :$bdissertazione storico-critica ... letta in tre sedute dell'Unione Angelo Mai /$cdel canonico dr. Alessandro Pesenti-Magazzeni. 260 $aBergamo :$bTipografia Pagnoncelli,$c1887. 300 $a144 p. ;$c25 cm. 600 04$aAlessandro : di Bergamo .$0(OLS)http://semarc/subject/16747 850 $aSeMil 852 $aSeMil$W1$xVenegono$y1$m3E IV 14 FA$j191290$B191290$CSeMilBibl$Z2$F202111 $8I 996 $6245$aIl decimosesto centenario del martirio di sant'Alessandro, protettore di Bergamo :$bdissertazione storico-critica ... letta in tre sedute dell'Unione Angelo Mai$9(OLS)http://semarc/title/342551 996 $6260$aBergamo :$bTipografia Pagnoncelli$9(OLS)http://semarc/publisher/54512